| 000 | 01408nam0a2200361 4500 | ||
|---|---|---|---|
| 001 | RU\NLR\bibl\1912946 | ||
| 005 | 20250616200812.0 | ||
| 010 |
_a978-5-9972-0031-2 _9500 |
||
| 021 |
_aRU _b2012-38404 _92848 |
||
| 035 | _a(NLR Aleph) 001902474 | ||
| 090 |
_a3066612 _c3066612 |
||
| 100 | _a20120608d2006 |||y0rusy50 ca | ||
| 101 | 0 | _arus | |
| 102 | _aRU | ||
| 105 | _ay ||||||||| | ||
| 200 | 1 |
_aПамятники средневековой деловой переписки в Дагестане и на Северном Кавказе в историософском освещении _fР. З. Акавов |
|
| 210 |
_aМахачкала _cДГПУ _d2006 |
||
| 215 |
_a110, [1] с. _d20 |
||
| 320 | _aБиблиогр. в подстроч. примеч. | ||
| 606 | 1 |
_aКумыкская литература _91108968 _3RU\NLR\auth\66118058 |
|
| 606 | 1 |
_aЛитература народов Северного Кавказа _91490138 _3RU\NLR\auth\66640324 |
|
| 606 | 1 |
_aЛитература народов Дагестана _9927844 _3RU\NLR\auth\6622549 |
|
| 686 | _aШ5(24)-30 | ||
| 686 | _aШ5(241Д)-30 | ||
| 686 | _aШ5(2=Кум)-30 | ||
| 700 | 1 |
_aАкавов _bР. З. _gРашид Забитович _4070 |
|
| 801 | 0 |
_aRU _bNLR _c20120608 _gRCR |
|
| 801 | 1 |
_aRU _bNLR _c20120608 |
|
| 830 | _aавт. по кн. | ||
| 942 | _cBOOK | ||
| 980 | _aNB | ||